| 000 | 00855nam a22001937a 4500 | ||
|---|---|---|---|
| 999 |
_c11901 _d11901 |
||
| 003 | AR-CdUCM | ||
| 008 | 190405b ||||| |||| 00| 0 spa d | ||
| 040 |
_aMUNICIPALIDAD PROVINCIAL DEL CUSCO _cBIBLIOTECA MUNICIPAL DEL CUSCO |
||
| 082 |
_aEP /340.7 / _bG21 |
||
| 100 |
_aGallegos Flores, Yolanda _929501 |
||
| 245 |
_aEl ABC de nuestros derechos : _bSi no conoces tus derechos, no puedes ejercerlos / |
||
| 260 |
_aCusco : _bDannys Graff e.i.r.l., _c2010. |
||
| 300 |
_a52 paginas _c15 cm. |
||
| 505 | _aContenido :Convenios internacionales firmados por el Perú -- Normativa a nivel nacional -- Normas de alcance regional -- Ordenanzas a nivel de la provincia de Urubamba -- Fechas para recordar ... | ||
| 650 |
_aDerechos y deberes _96966 |
||
| 650 |
_aLa constitución política del Perú _929502 |
||
| 942 |
_2ddc _cLIBROS |
||
| 945 |
_arum _d2019-04-05 |
||